| 000 | 00722cam a2200169 4500 | ||
|---|---|---|---|
| 001 | WS117827 | ||
| 008 | 020503n 000 0 eng u | ||
| 035 | _a(Sirsi) u117827 | ||
| 110 |
_aChartered Institute of Public Finance and Accountancy _92136 |
||
| 245 | _aChartered Institute of Public Finance and Accountancy (CIPFA) | ||
| 520 | _aWeb site for this leading authority on accountancy and financial management for the public services. Includes link to their journal 'Public Finance'. | ||
| 650 | _aORGANISATION | ||
| 650 | _aPUBLIC FINANCE | ||
| 690 | _aMANAGEMENT-BUSINESS MANAGEMENT-FINANCIAL MANAGEMENT | ||
| 856 | 4 | 0 |
_uhttps://www.cipfa.org.uk _zView the website free of charge at www.cipfa.org.uk... |
| 942 | _n0 | ||
| 999 |
_c120029 _d120029 |
||